Načítá se...

Catalysis: Principles and applications

Podrobná bibliografie
Hlavní autor: Viswanathan , B
Jazyk:English
Vydáno: New Belhi Narosa 2002
Témata:
LEADER 00352nam a22001217a 4500
005 20160323130451.0
008 100526t xxu||||| |||| 00| 0 eng d
100 |a Viswanathan , B  |9 4239 
245 |a Catalysis:  |b Principles and applications 
653 |a Catalysis - principles and applications 
942 |c BK  |6 _ 
260 |a New Belhi  |b Narosa   |c 2002 
999 |c 158327  |d 158327